Online Catalogue and eLibrary

Maternities and modernities : (Record no. 346)

MARC details
000 -LEADER
fixed length control field 00882cam a2200265 a 4500
001 - CONTROL NUMBER
control field 4487909
005 - DATE AND TIME OF LATEST TRANSACTION
control field 20240208053845.0
008 - FIXED-LENGTH DATA ELEMENTS--GENERAL INFORMATION
fixed length control field 970307s1998 enkab b 001 0 eng
020 ## - INTERNATIONAL STANDARD BOOK NUMBER
ISBN 0521584280 (hardback)
020 ## - INTERNATIONAL STANDARD BOOK NUMBER
ISBN 0521586143 (pbk.)
040 ## - CATALOGING SOURCE (பட்டியலாக்க மூலம்)
Original cataloging agency DLC
Transcribing agency DLC
Modifying agency DLC
082 00 - DDC Classification
Class No. 306.8
DDC Edition Number 21
Item Number - Author Mark MAT.
245 00 - TITLE STATEMENT
Title Maternities and modernities :
Remainder of title colonial and postcolonial experiences in Asia and the Pacific /
Statement of responsibility, etc. edited by Kalpana Ram and Margaret Jolly.
260 ## - PUBLICATION, DISTRIBUTION, ETC.
Place of publication, distribution, etc. England ;
-- New York :
Name of publisher, distributor, etc. Cambridge University Press,
Date of publication, distribution, etc. 1998.
300 ## - PHYSICAL DESCRIPTION
Extent (e.g. Volumes, Pages etc.) xiii, 305 p. :
650 #0 - SUBJECT ADDED ENTRY--TOPICAL TERM
Topical term or geographic name entry element Motherhood
650 #0 - SUBJECT ADDED ENTRY--TOPICAL TERM
Topical term or geographic name entry element Motherhood
650 #0 - SUBJECT ADDED ENTRY--TOPICAL TERM
Topical term or geographic name entry element Mothers
650 #0 - SUBJECT ADDED ENTRY--TOPICAL TERM
Topical term or geographic name entry element Mothers
700 1# - ADDED ENTRY--PERSONAL NAME
Personal name Ram, Kalpana.
Relator term (Role) Editor
700 1# - ADDED ENTRY--PERSONAL NAME
Personal name Jolly, Margaret.
Relator term (Role) Editor
856 42 - ELECTRONIC LOCATION AND ACCESS
Uniform Resource Identifier <a href="http://www.loc.gov/catdir/description/cam028/97006813.html">http://www.loc.gov/catdir/description/cam028/97006813.html</a>
856 41 - ELECTRONIC LOCATION AND ACCESS
Uniform Resource Identifier <a href="http://www.loc.gov/catdir/toc/cam021/97006813.html">http://www.loc.gov/catdir/toc/cam021/97006813.html</a>
942 ## - Koha item type (Biblio)
Koha item type Books in Stacks (Lending)
Holdings
Lost status Damaged status Collection code Home library Current library Date acquired Full call number Accession Number Item type
    Lending WERC Library WERC Library 02/08/2024 306.8 MAT. 2854 Books in Stacks (Lending)

© WERC Library